01158cam a22002778i 45000010009000000050017000090080041000260100017000670200018000840200018001020420008001200820016001281000022001442450081001662600039002472630009002862640039002953000023003343360026003573370028003833380027004115040051004385200341004896500024008307000026008542371976620250327122608.0240605s2024 mdu b 001 0 eng  a 2024023798 a9781666903737 z9781666903744 apcc00a327.117 PRE1 aPreble, Keith A.,10aTrading With Pariahs :bTrade Networks And The Failure Of Economic Sanctions aLondonbRowman & Littlefieldc2024 a2409 1aLanham :bLexington Books,c[2024] a189;. pages: 24 cm atextbtxt2rdacontent aunmediatedbn2rdamedia avolumebnc2rdacarrier aIncludes bibliographical references and index. a"This book examines the impact of economic sanctions on target states' trading network. Through the theory of weaponized interdependence, the authors argue that the success or failure of sanctions to change target states' behavior depends on who imposes the sanctions; sanctions imposed by the "right" sender states can be successful"-- 0aEconomic Sanctions.1 aWillis, Charmaine N.,